| 000 | 00961nam a22002295i 4500 | ||
|---|---|---|---|
| 001 | 154233 | ||
| 003 | ES-MaACL | ||
| 005 | 20230906205559.0 | ||
| 008 | 040914s1849 sp |||| | spa d | ||
| 080 | _a62 Miranda, Pedro | ||
| 080 | _a625.7:351.712.2(460) | ||
| 100 | 1 |
_aGarcía Otero, José. _9127216 |
|
| 245 | 1 | 0 | _aContestación a los cargos hechos a la Dirección de Obras Públicas por Pedro Miranda en la exposición que ha publicado sobre contratas de carreteras. |
| 260 |
_aMadrid : _b[s.n.], _c1849 ( _fImp. de La Publicidad a cargo de M. Rivadeneyra) |
||
| 300 |
_a13 p. ; _c21 cm. |
||
| 594 | _aFirma el texto José García Otero. | ||
| 600 | 1 | 4 |
_aMiranda, Pedro. _9129976 |
| 650 | 4 |
_aContratos de obras públicas. _9175869 |
|
| 650 | 4 |
_aCarreteras- _zEspaña. _9156236 |
|
| 710 | 1 |
_aEspaña. _bDirección General de Obras Públicas. _93763 |
|
| 852 | 4 |
_aES-MaACL _jT-34-F-4 _z- Enc. hol., falto de cub. original _z- Enc. en un vol. facticio |
|
| 999 |
_c154233 _d154233 |
||